Economía, ecología y ética
Uloženo v:
| Hlavní autor: | |
|---|---|
| Médium: | Kniha |
| Jazyk: | španělština |
| Vydáno: |
Ciudad de México
Fondo de Cultura Económica
1989
|
| Témata: | |
| Tagy: |
Přidat tag
Žádné tagy, Buďte první, kdo vytvoří štítek k tomuto záznamu!
|
MARC
| LEADER | 00000nam a2200000 a 4500 | ||
|---|---|---|---|
| 001 | UCX6233 | ||
| 003 | CL-VaPUC | ||
| 008 | 930503e19890000MX |||||||||||||||||spa|d | ||
| 082 | 0 | 4 | |a 333.72 |b DAL |2 21 |
| 100 | 0 | |a Daly, Herman E |e author |9 322665 | |
| 245 | 1 | 0 | |a Economía, ecología y ética |
| 246 | 1 | 0 | |a Ensayos hacia una economía en estado estacionario |
| 300 | |a 387 p | ||
| 942 | |c BK | ||
| 945 | |d 19930503 00:00:00 | ||
| 260 | |a Ciudad de México |b Fondo de Cultura Económica |c 1989 | ||
| 650 | 0 | |a Desarrollo económico |9 259599 | |
| 650 | 0 | |a Aspectos ambientales |9 258658 | |
| 650 | 7 | |a RIQUEZA Y ETICA |2 CL-VaPUC |9 322666 | |
| 650 | 0 | |a Equilibrio económico |9 322667 | |
| 583 | |a last modification |c 20180312 10:42:35 |k Rodrigo Vera | ||
| 999 | |c 226288 |d 226286 | ||
| 952 | |0 0 |1 0 |4 0 |6 333_720000000000000_DAL_1989 |7 0 |8 A |9 224537 |a BIBING |b BIBING |d 2019-11-15 |i 2932938 |o 333.72 DAL 1989 |p 2932938 |r 2025-01-20 |w 2019-11-15 |y BK |k GEO | ||